000
00181 a2200097 4500
001
457
100
_a
Durell,CV
245
_a
Advanced al
260
_a
_b
G Bell
_c
090
_c
75
_d
75
942
_a
NUST-CAE
_c
M
_c
34155
999
_c
235530
_d
235530